| 000 | 00637nam a22001937a 4500 | ||
|---|---|---|---|
| 999 |
_c169844 _d169844 |
||
| 005 | 20191205165043.0 | ||
| 010 | _aA-141671 | ||
| 020 |
_c25.00 _a- |
||
| 035 | _aA-141671 | ||
| 037 | _bBPPD | ||
| 082 | _a230.91 | ||
| 100 | _aمحی ا لد ين قا د ر ی ا لر ز ا قی | ||
| 245 |
_aآ ءينہء حر م _cمحی ا لد ين قا د ر ی ا لر ز ا قی |
||
| 246 |
_aAiyna-e-Haram _bby Mohiuddin Qadri Alrazaqui |
||
| 260 |
_aU.P. _c1983 ء _bRazaqia Kitab Ghar |
||
| 270 |
_aBansa Shareef, Zila Bara Banki _bU.P. _k- _e- |
||
| 300 |
_a192 ص _c22 cm(hb) |
||
| 942 |
_2ddc _cUR _h230.91 _mق ا د |
||